Pojď, tanči s námi slow-fox /

Hlavní autor: Berlin, Irving, 1888-1989
Další autoři: Mužík, Josef
Jazyk: Čeština
Vydáno: Praha : Zdeněk Vlk, 1936
Edice: [Popěvky nakladatelství Zdeňka Vlka]
Fyzický popis: [4] s.
Hudebniny Hudebniny
Uloženo v:
LEADER 00858ncm a22002412a 4500
001 001138788
003 CZ BrMZK
005 20110215141057.0
007 qu
008 110215s1936 xr |||||||||||||||||cze d
040 |a BOA001  |b cze 
072 7 |a 784  |x Vokální hudba  |2 Konspekt  |9 9 
100 1 |a Berlin, Irving,  |d 1888-1989  |7 jn19990000722  |4 cmp 
245 1 0 |a Pojď, tanči s námi  |h [hudebnina] :  |b slow-fox /  |c hudba Irwing Berlin ; český tekst Jos. Mužík 
260 |a Praha :  |b Zdeněk Vlk,  |c 1936 
300 |a [4] s. 
490 1 |a [Popěvky nakladatelství Zdeňka Vlka] ;  |v 392 
700 1 |a Mužík, Josef  |7 jx20090907046  |4 lyr 
830 0 |a [Popěvky nakladatelství Zdeňka Vlka] 
910 |a BOA001  |b Mus1-0170.877,392 
990 |a MU 
991 |b 201102 
996 6 |b 2619354361  |c Mus1-0170.877,392  |l MZK  |r Sklad / do 1 hodiny  |n 0  |w 001169858  |u 000010  |a 1  |e BOA001  |j MZK50  |s P